Statistics for Generator Puzzle #39

Click here to take the quiz!

General Stats

  • This quiz has been taken 510 times
  • The average score is 14 of 21

Answer Stats

HintAnswer% Correct
Angelic ringHalo
93%
Residence, dwellingHouse
86%
Green with envyJealous
85%
Dog restrainerLeash
84%
As wellAlso
82%
Grain storage towerSilo
81%
Jazz ArmstrongLouis
79%
Cures, makes betterHeals
77%
Hoop, or danceHula
73%
Four letter countryLaos
69%
Spooky boardOuija
68%
Coffee (US slang)Joe
62%
Unit of workJoule
61%
Actor WoodElijah
58%
U2 tree?Joshua
55%
Salute enthusiasticallyHail
54%
Aussie girl (slang)Sheila
54%
Obama's birth islandOahu
53%
747 walkwayAisle
50%
Greek sun godHelios
48%
9-Letter WordJAILHOUSE
45%

Score Distribution

Percentile by Number Answered

Percent of People with Each Score

Your Score History

You have not taken this quiz